000 02796nam0a2200481 4500
001 RU\NLR\BIBL_A\022438174
005 20260408215745.0
010 _a978-5-00125-967-1
_9300
035 _a(NLR Aleph) 022438174
090 _a13350041
_c13350041
100 _a20250129d2024 |||y0rusy50 ca
101 0 _arus
_deng
102 _aRU
105 _ay z 000yb
135 _acrbn 001aacua
181 0 _ai4
_baxxe
182 0 _an
200 1 _a"Новое учение о виде" Трофима Лысенко
_d"The new doctrine of species" by Trofim Lysenko
_eтексты и контексты
_eмонография
_fМ. В. Винарский
_gСанкт-Петербургский филиал Федерального государственного бюджетного учреждения науки Института истории естествознания и техники им. С. И. Вавилова Российской академии наук
_zeng
203 _aТекст
_bвизуальный
_cнепосредственный
210 _aСанкт-Петербург
_cРеноме
_d2024
215 _a302, [1] с.
_d22
300 _aАвт. также англ.: Maxim V. Vinarski
300 _aРез. англ.
320 _aБиблиогр. в конце кн. и в подстроч. примеч.
325 _aКопия доступна в Электрон. б-ке РНБ
500 1 0 _6z11702
_aНовое учение о виде
510 1 _6z11790
_a"The new doctrine of species" by Trofim Lysenko
_zeng
604 _1200##$aЛысенко$bТ. Д.$gТрофим Денисович$f1898 - 1976
_1230###$a"Новое учение о виде"
_3RU\NLR\AUTH\6601751965
_92663938
686 1 _aП1д(2) Лысенко
686 1 _aЕ.д(2) Лысенко
700 1 _7ca
_8rus
_aВинарский
_bМ. В.
_cд-р биол. наук
_gМаксим Викторович
_9146202
_3RU\NLR\AUTH\770146238
702 1 _7ca
_8rus
_aЛысенко
_bТ. Д.
_f1898-1976
_gТрофим Денисович
_3RU\NLR\AUTH\770252230
_9252174
790 1 _7ba
_8rus
_aVinarskij
_bM. V.
_cд-р биол. наук
_gMaksim Viktorovič
_9146204
_3RU\NLR\AUTH\770146240
856 0 _uhttps://vivaldi.nlr.ru/bx000041973/view
856 1 _uhttps://vivaldi.nlr.ru/bx000041973/cover
856 2 _uhttps://vivaldi.nlr.ru/bx000041973/text
942 _cBOOK
980 _aNB
981 2 2 _a(22) Материалы по истории России
_b(22) История развития общественной мысли и политических дв